| 000 | 00378nam a22001457a 4500 | ||
|---|---|---|---|
| 003 | SGT | ||
| 020 | _a9789386515919 | ||
| 082 |
_a343.0999 _bSHA |
||
| 100 | _aSHARMA , VAKUL | ||
| 245 |
_aINFORMATION TECHNOLOGY LAW AND PRACTICE _bCYBER LAWS AND LAWS RELATING TO E COMMERCE |
||
| 250 | _a6 | ||
| 260 |
_aLEXIS NEXIS _bGURGAON _c2019 |
||
| 300 | _aXLIV , 681 | ||
| 942 |
_2ddc _cBK _022 |
||
| 999 |
_c19773 _d19773 |
||